Slovensko

Ekonomické ukazovatele vývoja Slovenska. Obchodné vzťahy s Českom v r. 1994-1997. Perspektívne trhové sektory.

Gespeichert in:
Bibliographische Detailangaben
1. Verfasser: Pudil, Leopold
Format: Buch
Sprache:Tschechisch
Schlagworte:
Tags: Tag hinzufügen
Keine Tags, Fügen Sie das erste Tag hinzu!

MARC

LEADER 00000nam a2200000 4500
001 r031868
005 20230920094949.6
041 0 |a cze 
044 |a CZ 
245 1 0 |a Slovensko  |c Leopold Pudil 
520 |a Ekonomické ukazovatele vývoja Slovenska. Obchodné vzťahy s Českom v r. 1994-1997. Perspektívne trhové sektory. 
610 2 0 |a obchod zahraničný 
610 2 0 |a Slovensko 
610 2 0 |a Česko 
610 2 0 |a situácia hospodárska 
610 2 0 |a 1994-1997 
100 1 |a Pudil, Leopold